Statistics for Most Appearances & Goals at the FIFA World Cup for England

Click here to take the quiz!

General Stats

  • This quiz has been taken 101 times
  • The average score is 14 of 23

Answer Stats

Answer% Correct
Harry Kane
96%
Steven Gerrard
90%
Gary Lineker
87%
David Beckham
83%
Bobby Charlton
79%
Wayne Rooney
79%
Raheem Sterling
78%
Michael Owen
77%
Bobby Moore
73%
Ashley Cole
71%
Marcus Rashford
65%
Harry Maguire
63%
Jordan Pickford
60%
John Stones
57%
Bukayo Saka
54%
Geoff Hurst
54%
Peter Shilton
54%
Jordan Henderson
51%
David Platt
35%
Terry Butcher
28%
Chris Waddle
24%
Roger Hunt
24%
Nat Lofthouse
16%

Score Distribution

Percentile by Number Answered

Percent of People with Each Score

Your Score History

You have not taken this quiz